01653nam a2200325 a 4500001000400000003001000004005001700014008004100031020001800072040002500090080002200115090002200137245021700159260003300376300002700409500002200436504002500458590004100483650003000524650006200554700003600616700004200652700003600694942001200730952014300742952014300885952014301028952014301171999001301314930BR-CuiBMT20231123200204.0231122s2001 spba 000 0 por d a9788522429097 aBR-CuiBMTcBR-CuiBMT 22007a658:001.101 a658:001.101bG39300aGestão estratégica do conhecimento :bintegrando aprendizagem, conhecimento e competências /cMaria Tereza Leme Fleury, Moacir de Miranda Oliveira Jr., (organizadores) ; Afonso Fleury ... [et al., autores]. aSão Paulo :bAtlas,c2001. a349 p. :bil. ;c24 cm aVários autores. aInclui bibliografia. aA biblioteca possui 7. reimpr. 2011. aGestão do conhecimento  aAdministração de empresasxPlanejamento estratégico1 aFleury, Maria Tereza Leme4org.1 aOliveira Jr., Moacir de Miranda4org.1 aFleury, Afonsoeet al.eautores 2udccLV 00102udc4070aBIBTCEMTbBIBTCEMTd2023-11-23l0o658:001.101 G393pBIBTCEMT23110968r2023-11-23tEx. 1w2023-11-23yLVz7. reimpr. 2011 00102udc4070aBIBTCEMTbBIBTCEMTd2023-11-27l0o658:001.101 G393pBIBTCEMT23111144r2023-11-27tEx. 2w2023-11-27yLVz7. reimpr. 2011 00102udc4070aBIBTCEMTbBIBTCEMTd2023-11-27l0o658:001.101 G393pBIBTCEMT23111145r2023-11-27tEx. 3w2023-11-27yLVz7. reimpr. 2011 00102udc4070aBIBTCEMTbBIBTCEMTd2023-11-27l0o658:001.101 G393pBIBTCEMT23111146r2023-11-27tEx. 4w2023-11-27yLVz7. reimpr. 2011 c930d930